1755 1569 1471 1538 1945 1398 1627 1298 1101 1445 1496 1339 1615 1614 1127 1402 1764 1721 1602 1806 1490 1217 1293 1356 1211 1948 1053 1814 1160 1715 1203 1170 1088 1201 1150 1237 1211 1756 1971 1899 1914 1890 1133 1636 1130 1582 1468 1300 1644 1248 1508 1434 1940 1223 1302 1092 1968 1182 1685 1395 1169 1149 1729 1195 1950 1167 1929 1177 1792 1779 1523 1310 1854 1591 1311 1353 1963 1118 1952 1064 1757 1359 1834 1553 1938 1720 1203 1951 1522 1595 1528 1313 1451 1182 1745 1303 1478 1186 1199 BCNSPRNW ULIB Ver.6.0+V

เปลี่ยนเป็นภาษาไทย

Change to English
 แสดงรายละเอียดบรรณานุกรม
  กลับหน้าหลัก

Brief Record : Get Marc (ISO 2709) : E-mail record : QR code < ปิดหน้าต่าง
LEADER : 00000nam 2200000uu 4500
001    13399120098
003     ULIB
008    120830s2553||||th 000 0 tha d
020    ^a9789748838779 (ล.2)
040    ^abra
060 04 ^aQV4^bภ781 ล.2
245 00 ^aเภสัชวิทยา^nเล่ม 2 =^bPharmacology II /^cบรรณาธิการ,พยงค์ เทพอักษร, โพยม วงศ์ภูวรักษ์
246 31 ^aPharmacology II
250    ^aพิมพ์ครั้งที่ 4
260    ^aนนทบุรี :^bโครงการสวัสดิการวิชาการ สถาบันพระบรมราชชนก,^c2553
300    ^a304 หน้า :^bภาพประกอบ ;^c27 ซม.
591    ^aLIRV มี เล่ม 2
650  2 ^aPharmacology
650  7 ^aเภสัชวิทยา
700 0  ^aพยงค์ เทพอักษร,^eบรรณาธิการ
700 0  ^aโพยม วงศ์ภูวรักษ์,^eบรรณาธิการ
710 2  ^aสถาบันพระบรมราชชนก. ^bโครงการสวัสดิการวิชาการ
945    ^p180^l0^i19352
945    ^p180^l0^i19353
945    ^p180^l0^i23075
945    ^p180^l0^i23074
945    ^p180^l0^i23076
995    ^aทศพร
999    ^aทศพร เกษรทอง
รายการนี้ยังไม่มีแท็ก
คุณยังไม่ได้ล็อกอิน คุณสามารถมีกิจกรรมร่วมกับเว็บไซต์ได้ แต่ต้องล็อกอินก่อน ::
  ล็อกอิน

รายการสื่อสารสนเทศ

ลำดับที่ ประเภท เลขเรียก/บาร์โค้ด สถานที่ สถานะ
1. วิทยาศาสตร์การแพทย์ และสุขภาพ
วิทยาศาสตร์การแพทย์ และสุขภาพ
QV4 ภ781 ล.2 ฉ.1 
  Barcode: 19352
ห้องสมุดวิทยาเขตนครสวรรค์
►ส่วนจัดเก็บหนังสือเก่า นว.
บนชั้น
  ขอยืม
2. วิทยาศาสตร์การแพทย์ และสุขภาพ
วิทยาศาสตร์การแพทย์ และสุขภาพ
QV4 ภ781 ล.2 ฉ.2 
  Barcode: 19353
ห้องสมุดวิทยาเขตนครสวรรค์
►ส่วนจัดเก็บหนังสือเก่า นว.
บนชั้น
  ขอยืม
3. วิทยาศาสตร์การแพทย์ และสุขภาพ
วิทยาศาสตร์การแพทย์ และสุขภาพ
QV4 ภ781 ล.2 ฉ.3 
  Barcode: 23075
ห้องสมุดวิทยาเขตนครสวรรค์
►ส่วนจัดเก็บหนังสือเก่า นว.
บนชั้น
  ขอยืม
4. วิทยาศาสตร์การแพทย์ และสุขภาพ
วิทยาศาสตร์การแพทย์ และสุขภาพ
QV4 ภ781 ล.2 ฉ.4 
  Barcode: 23074
ห้องสมุดวิทยาเขตนครสวรรค์
►ส่วนจัดเก็บหนังสือเก่า นว.
บนชั้น
  ขอยืม
5. วิทยาศาสตร์การแพทย์ และสุขภาพ
วิทยาศาสตร์การแพทย์ และสุขภาพ
QV4 ภ781 ล.2 ฉ.5 
  Barcode: 23076
ห้องสมุดวิทยาเขตนครสวรรค์
►ส่วนจัดเก็บหนังสือเก่า นว.
บนชั้น
  ขอยืม

รายการใกล้เคียง
    หัวเรื่อง [Pharmacology]
    หัวเรื่อง [เภสัชวิทยา]

BibComment


ยังไม่เคยถูกคอมเมนท์

คอมเมนท์ทรัพยากรรายการนี้
  คอมเมนท์: เภสัชวิทยา เล่ม ..


 Copyright 2026. Bcnsprnw @Library